000 004100000a22001690004500
003 MACL
005 20151231115949.0
008 151231b xxu||||| |||| 00| 0 eng d
040 _aMACL
_cMACL
041 _aEnglish
082 _a294.3/WOO
100 _aWoodward F L
_924726
245 _aGradual Sayings
260 _bLuzac & Company
_c1955
_aLondon
650 _aReligion
_925447
942 _cBK
_k294/woo
_2ddc
999 _c35269
_d35269